[Event "World Cup"]
[Site "Tromso NOR"]
[Date "2013.08.19"]
[Round "3.3"]
[White "Anton Korobov"]
[Black "Daniil Dubov"]
[Result "1-0"]
[EventDate "2013.08.11"]
[WhiteElo "2720"]
[BlackElo "2624"]
[PlyCount "111"]

1. d4 d5 2. c4 c6 3. Nc3 Nf6 4. e3 g6 5. Nf3 Bg7 6. Be2 O-O 7. O-O Nbd7 8. a4 Nb6 9. b3 a5 10. h3 Bf5 11. Ba3 Re8 12. cxd5 Nbxd5 13. Nxd5 Nxd5 14. Rc1 Qc7 15. Bc4 Rad8 16. Qe2 Nb6 17. e4 Bc8 18. Rfd1 h6 19. Qe3 Nxc4 20. bxc4 b6 21. d5 c5 22. e5 e6 23. Bb2 Bb7 24. Qb3 Ba8 25. Rd2 Rd7 26. d6 Qa7 27. Ne1 Bc6 28. Nc2 Rb7 29. Na3 Rbb8 30. Nb5 Qd7 31. Re1 Kh7 32. Rdd1 Rf8 33. Re3 Rb7 34. Rde1 Rbb8 35. Qd1 Rbe8 36. Qg4 h5 37. Qh4 Qd8 38. Qg3 Qd7 39. R3e2 Bxb5 40. axb5 f5 41. f4 Bh6 42. Bc1 Rg8 43. Qf3 Rc8 44. g4 g5 45. gxf5 gxf4+ 46. Rg2 Rxg2+ 47. Kxg2 Rg8+ 48. Kf2 Rg3 49. Qe4 exf5 50. Qd5 Qg7 51. d7 f3 52. Rf1 Rg2+ 53. Ke1 Re2+ 54. Kd1 Qg2 55. Qf7+ Bg7 56. Qxf5+ 1-0

[Event "World Cup"]
[Site "Tromso NOR"]
[Date "2013.08.19"]
[Round "3.4"]
[White "Daniil Dubov"]
[Black "Anton Korobov"]
[Result "1/2-1/2"]
[EventDate "2013.08.11"]
[WhiteElo "2624"]
[BlackElo "2720"]
[PlyCount "115"]

1. c4 c5 2. g3 Nc6 3. Bg2 g6 4. Nf3 Bg7 5. Nc3 e6 6. O-O Nge7 7. d3 O-O 8. Bd2 d5 9. Qc1 b6 10. Bh6 Bb7 11. Bxg7 Kxg7 12. cxd5 Nxd5 13. Nxd5 Qxd5 14. Qc3+ Kg8 15. Rfe1 Qd7 16. e3 Rad8 17. Rad1 Qe7 18. a3 Rd7 19. h4 Rfd8 20. Ng5 f6 21. Ne4 Ne5 22. d4 Bxe4 23. Bxe4 Nf7 24. Bf3 Kg7 25. b4 cxd4 26. exd4 Rd6 27. d5 e5 28. Rc1 f5 29. Bg2 Qf6 30. Qb3 e4 31. Rc7 R8d7 32. Rxd7 Rxd7 33. Rd1 Rc7 34. Bf1 Nd6 35. Be2 Qc3 36. Qa4 h6 37. Kg2 g5 38. hxg5 hxg5 39. Rh1 f4 40. Bg4 f3+ 41. Kh2 Kg6 42. Qd1 Qb2 43. Rf1 Qh8+ 44. Kg1 Rh7 45. Bxf3 exf3 46. Qd3+ Kg7 47. Qxf3 Qf8 48. Qe3 Qf5 49. Rd1 Kf6 50. Qc3+ Qe5 51. Qf3+ Qf5 52. Qc3+ Qe5 53. Rd4 Nb5 54. Qc6+ Nd6 55. Qc3 Nb5 56. Qc6+ Nd6 57. Rd1 Kf5 58. Qc2+ 1/2-1/2

[Event "World Cup"]
[Site "Tromso NOR"]
[Date "2013.08.16"]
[Round "2.6"]
[White "Ruslan Ponomariov"]
[Black "Daniil Dubov"]
[Result "1/2-1/2"]
[EventDate "2013.08.11"]
[WhiteElo "2756"]
[BlackElo "2624"]
[PlyCount "92"]

1. e4 c5 2. Nf3 e6 3. d4 cxd4 4. Nxd4 Nc6 5. Nb5 d6 6. Bf4 e5 7. Be3 Nf6 8. Bg5 a6 9. N5c3 Be7 10. Bxf6 Bxf6 11. Nd2 O-O 12. Nc4 Be6 13. Nd5 b5 14. Nce3 Bg5 15. Be2 g6 16. O-O Kh8 17. c3 f5 18. exf5 gxf5 19. f4 Bh6 20. Kh1 Ne7 21. a4 Rb8 22. axb5 axb5 23. Ra6 Bc8 24. Ra7 Nxd5 25. Nxd5 Bb7 26. Qd3 Qh4 27. g3 Qd8 28. Qd2 Qb6 29. Raa1 Qc5 30. Rad1 Rbe8 31. Bf3 e4 32. Be2 Bg7 33. Qe3 Rc8 34. Qxc5 Rxc5 35. Ne3 d5 36. Rd2 b4 37. cxb4 Rcc8 38. Rfd1 d4 39. Rxd4 Bxd4 40. Rxd4 Rfd8 41. Rxd8+ Rxd8 42. Kg1 Rd2 43. Kf1 Rxb2 44. Nxf5 Rxb4 45. Ne3 Rb2 46. h4 Kg7 1/2-1/2

[Event "World Cup"]
[Site "Tromso NOR"]
[Date "2013.08.16"]
[Round "2.9"]
[White "Daniil Dubov"]
[Black "Ruslan Ponomariov"]
[Result "1-0"]
[EventDate "2013.08.11"]
[WhiteElo "2624"]
[BlackElo "2756"]
[PlyCount "95"]

1. b3 e5 2. Bb2 Nc6 3. e3 Nf6 4. c4 g6 5. Nf3 d6 6. d3 Bg7 7. Nbd2 O-O 8. Be2 Re8 9. a3 Ne7 10. b4 b6 11. O-O Bb7 12. Rc1 c5 13. Qc2 Qc7 14. Ng5 h6 15. Nge4 Nxe4 16. Nxe4 Bxe4 17. dxe4 Nc6 18. Bc3 cxb4 19. axb4 a5 20. b5 Nd8 21. Rfd1 Ne6 22. Rd5 Nc5 23. Rcd1 Bf8 24. Bb2 h5 25. f4 exf4 26. Qc3 f6 27. Qxf6 Qg7 28. Rxd6 Qxf6 29. Rxf6 Re6 30. e5 Rxf6 31. exf6 fxe3 32. Bf3 Re8 33. Kf1 Kf7 34. Ke2 a4 35. Bc6 Rc8 36. Bd5+ Ke8 37. Kxe3 Bh6+ 38. Kf3 Kf8 39. Be5 Rd8 40. Bc7 Rd7 41. Bxb6 Nb3 42. Rd3 Bg5 43. f7 Be7 44. Re3 Rd6 45. Bc7 Rd7 46. Bf4 Kg7 47. Rxe7 Nd4+ 48. Kf2 1-0

[Event "Russian Championship Higher League"]
[Site "Yekaterinburg RUS"]
[Date "2013.06.29"]
[Round "9"]
[White "Daniil Dubov"]
[Black "Leonid Nozdrachev"]
[Result "0-1"]
[EventDate "2013.06.19"]
[WhiteElo "2638"]
[BlackElo "2389"]
[PlyCount "104"]

1. d4 Nf6 2. c4 g6 3. Nf3 Bg7 4. g3 d5 5. cxd5 Nxd5 6. Bg2 Nb6 7. Nc3 Nc6 8. e3 O-O 9. O-O Re8 10. Re1 e5 11. d5 Ne7 12. e4 Bg4 13. h3 Bxf3 14. Qxf3 c6 15. Rd1 cxd5 16. exd5 Nf5 17. d6 Rb8 18. Be3 Nd4 19. Bxd4 exd4 20. Nb5 Nc4 21. Qd5 Nxb2 22. Rdc1 Qa5 23. d7 Red8 24. Qd6 Bf8 25. Qxb8 Rxb8 26. Rc8 Qd8 27. Rxd8 Rxd8 28. Rb1 Na4 29. Nxa7 Rxd7 30. Rxb7 Rxb7 31. Bxb7 d3 32. Nb5 d2 33. Bf3 Bg7 34. Kf1 Nb2 35. a4 d1=Q+ 36. Bxd1 Nxd1 37. a5 Nc3 38. Nd6 Bd4 39. f4 Kf8 40. a6 Ke7 41. a7 Bxa7 42. Nc8+ Kd7 43. Nxa7 Kc7 44. Ke1 Kb7 45. Kd2 Ne4+ 46. Kd3 Nd6 47. Kd4 Kxa7 48. Kd5 Nf5 49. g4 Ne3+ 50. Ke5 f5 51. gxf5 gxf5 52. Kd4 Nf1 0-1

[Event "Russian Championship Higher League"]
[Site "Yekaterinburg RUS"]
[Date "2013.06.28"]
[Round "8.14"]
[White "Semen Isaakovich Dvoirys"]
[Black "Daniil Dubov"]
[Result "1-0"]
[EventDate "2013.06.20"]
[WhiteElo "2533"]
[BlackElo "2638"]
[PlyCount "81"]

1. e4 c5 2. Nf3 d6 3. d4 cxd4 4. Nxd4 Nf6 5. Nc3 Nc6 6. Bg5 Qb6 7. Nb3 e6 8. a4 Be7 9. a5 Qc7 10. Bxf6 gxf6 11. Qd2 O-O 12. Be2 Bd7 13. O-O Rad8 14. a6 Bc8 15. Ra4 Qb6 16. Rfa1 Kh8 17. axb7 Bxb7 18. Ba6 Rc8 19. Qe2 Rg8 20. Qb5 Bxa6 21. Rxa6 Qc7 22. Qa4 d5 23. exd5 Nb4 24. Rxa7 Qc4 25. g3 Bd8 26. Rxf7 Bb6 27. Rxf6 Qh4 28. Rf3 Qg4 29. Nd2 Rcf8 30. Rxf8 Rxf8 31. Rf1 exd5 32. Nxd5 Rxf2 33. Rxf2 Bxf2+ 34. Kg2 Qe2 35. Nc3 Qxd2 36. Qe8+ Kg7 37. Ne4 Qd4 38. Qe7+ Kg6 39. Qe6+ Kg7 40. c3 Qd5 41. Qxd5 1-0

[Event "Russian Championship Higher League"]
[Site "Yekaterinburg RUS"]
[Date "2013.06.27"]
[Round "7"]
[White "Daniil Dubov"]
[Black "Maxim Matlakov"]
[Result "0-1"]
[EventDate "2013.06.19"]
[WhiteElo "2638"]
[BlackElo "2665"]
[PlyCount "70"]

1. Nf3 Nf6 2. c4 b6 3. d3 c5 4. e4 d6 5. Nc3 Bb7 6. g3 g6 7. Bg2 Bg7 8. O-O O-O 9. Ne1 Nc6 10. f4 a6 11. a4 Nd7 12. Be3 Nd4 13. Nf3 Bc6 14. Kh1 Rb8 15. Bxd4 cxd4 16. Ne2 e5 17. b4 f5 18. exf5 gxf5 19. a5 bxa5 20. Rxa5 Rxb4 21. Rxa6 Rb6 22. Ra7 Qb8 23. Qa1 Rb2 24. Qa6 Rxe2 25. Qxc6 Qxa7 26. Qxd6 e4 27. dxe4 fxe4 28. Ng5 Nf6 29. c5 Qd7 30. Qa6 Rxg2 31. Kxg2 Qd5 32. c6 e3+ 33. Kg1 d3 34. c7 e2 35. c8=Q Qh1+ 0-1

[Event "Russian Championship Higher League"]
[Site "Yekaterinburg RUS"]
[Date "2013.06.26"]
[Round "6"]
[White "Sanan Sjugirov"]
[Black "Daniil Dubov"]
[Result "1/2-1/2"]
[EventDate "2013.06.19"]
[WhiteElo "2647"]
[BlackElo "2638"]
[PlyCount "81"]

1. e4 c5 2. c3 d5 3. exd5 Qxd5 4. d4 Nf6 5. Nf3 Bg4 6. Be2 e6 7. O-O Nc6 8. h3 Bh5 9. Be3 cxd4 10. cxd4 Be7 11. Nc3 Qd6 12. Qb3 O-O 13. Rfd1 Rfd8 14. a3 a6 15. Na4 Nd5 16. Nc5 Rab8 17. Rac1 Nf4 18. Bxf4 Qxf4 19. Qe3 Bd6 20. g4 Bg6 21. Qxf4 Bxf4 22. Rc3 Bd6 23. Rdc1 Be7 24. Nxa6 bxa6 25. Rxc6 Be4 26. Rc7 Bd6 27. R7c3 Bf4 28. Re1 a5 29. Bb5 Ba8 30. a4 Bd6 31. Rce3 Rbc8 32. Ne5 Bb4 33. Rd1 Rc2 34. Re2 Rc5 35. Re3 Rc2 36. Re2 Rc7 37. Re3 Rdc8 38. Nd3 Bd6 39. Ree1 h5 40. gxh5 Rc2 41. Rc1 1/2-1/2

[Event "Russian Championship Higher League"]
[Site "Yekaterinburg RUS"]
[Date "2013.06.24"]
[Round "5"]
[White "Daniil Dubov"]
[Black "Evgeny Alekseev"]
[Result "1/2-1/2"]
[EventDate "2013.06.19"]
[WhiteElo "2638"]
[BlackElo "2714"]
[PlyCount "49"]

1. d4 Nf6 2. c4 e6 3. Nc3 Bb4 4. e3 O-O 5. Ne2 d5 6. a3 Be7 7. cxd5 Nxd5 8. Qc2 Nd7 9. g3 Nxc3 10. bxc3 c5 11. Bg2 Qc7 12. O-O Rb8 13. c4 cxd4 14. exd4 Bf6 15. a4 b6 16. Ba3 Rd8 17. Be4 h6 18. Rac1 Ba6 19. Rfd1 Rbc8 20. Rd3 Nf8 21. Qd1 Qd7 22. Qb3 Qc7 23. Qd1 Qd7 24. Qb3 Qc7 25. Qd1 1/2-1/2

[Event "Russian Championship Higher League"]
[Site "Yekaterinburg RUS"]
[Date "2013.06.22"]
[Round "3"]
[White "Aleksandr Shimanov"]
[Black "Daniil Dubov"]
[Result "0-1"]
[EventDate "2013.06.19"]
[WhiteElo "2664"]
[BlackElo "2638"]
[PlyCount "86"]

1. c4 Nf6 2. Nf3 c6 3. d4 d5 4. cxd5 cxd5 5. Nc3 Nc6 6. Bf4 Ne4 7. e3 Nxc3 8. bxc3 g6 9. Ne5 Qa5 10. Qb3 Bg7 11. Bb5 Bxe5 12. Bxe5 O-O 13. Bg3 Qd8 14. O-O Na5 15. Qb4 b6 16. f3 Bb7 17. Rfe1 f5 18. Bd3 Rc8 19. Bh4 Rf7 20. e4 fxe4 21. fxe4 dxe4 22. Bxe4 Bxe4 23. Rxe4 Qd5 24. Rae1 Qxa2 25. Rxe7 Nc6 26. Re8+ Rxe8 27. Rxe8+ Kg7 28. Qb5 Qd2 29. Be1 Qf4 30. Qe2 Qd6 31. Bg3 Qd5 32. Qe3 b5 33. h3 a5 34. Bf4 h5 35. Bh6+ Kh7 36. Bf8 g5 37. h4 Qf5 38. Bd6 Rg7 39. hxg5 Rxg5 40. Bf4 Rg4 41. Be5 Qb1+ 42. Kh2 Rh4+ 43. Kg3 Qg6+ 0-1

[Event "Russian Championship Higher League"]
[Site "Yekaterinburg RUS"]
[Date "2013.06.21"]
[Round "2.2"]
[White "Daniil Dubov"]
[Black "Dmitry Jakovenko"]
[Result "1/2-1/2"]
[EventDate "2013.06.20"]
[WhiteElo "2638"]
[BlackElo "2713"]
[PlyCount "81"]

1. d4 Nf6 2. c4 e6 3. Nc3 Bb4 4. e3 O-O 5. Ne2 Re8 6. a3 Bf8 7. d5 a5 8. g3 Na6 9. Bg2 Nc5 10. O-O a4 11. Qc2 d6 12. Bd2 Bd7 13. dxe6 Bxe6 14. Nd5 c6 15. Nxf6+ Qxf6 16. Nd4 Bd7 17. Rae1 Qd8 18. Bb4 Qb6 19. Rd1 Re5 20. Rfe1 Qa7 21. e4 Rae8 22. Nf5 Bxf5 23. exf5 Rxe1+ 24. Bxe1 Be7 25. Bb4 h6 26. Re1 Qb8 27. Bxc5 dxc5 28. Qxa4 Bf6 29. Rxe8+ Qxe8 30. Qc2 Qe5 31. b3 Qa1+ 32. Bf1 Qxa3 33. Kg2 Qb2 34. Qxb2 Bxb2 35. Be2 Kf8 36. Bh5 Ke7 37. Kf3 Bd4 38. Ke2 Kf6 39. f4 Ke7 40. Bf3 Bg1 41. h3 1/2-1/2

[Event "Russian Championship Higher League"]
[Site "Yekaterinburg RUS"]
[Date "2013.06.20"]
[Round "1.18"]
[White "Daniil Dubov"]
[Black "Evgenija Ovod"]
[Result "1-0"]
[EventDate "2013.06.20"]
[WhiteElo "2638"]
[BlackElo "2387"]
[PlyCount "79"]

1. Nf3 Nf6 2. c4 c5 3. Nc3 e6 4. g3 b6 5. Bg2 Bb7 6. O-O d6 7. e3 Nbd7 8. d4 Ne4 9. Nxe4 Bxe4 10. d5 exd5 11. cxd5 Nf6 12. Nh4 Bxg2 13. Nxg2 g6 14. b3 Bg7 15. Bb2 O-O 16. Qd3 Re8 17. Rad1 a6 18. Rfe1 Nd7 19. Bxg7 Kxg7 20. e4 b5 21. Ne3 Rc8 22. Kg2 Qa5 23. Qb1 c4 24. Nc2 Ne5 25. Nd4 Nd3 26. Re3 Qc3 27. bxc4 bxc4 28. Nc6 f5 29. Rexd3 cxd3 30. Rxd3 Qf6 31. Rf3 Qf7 32. exf5 Qxd5 33. f6+ Kf8 34. Qb7 Qf7 35. Ne7 Rcd8 36. Qa7 g5 37. Qxa6 Rd7 38. Qb5 g4 39. Rf4 Qe6 40. Qg5 1-0

[Event "World Blitz Championship"]
[Site "Khanty-Mansiysk RUS"]
[Date "2013.06.10"]
[Round "21.7"]
[White "Francisco Vallejo Pons"]
[Black "Daniil Dubov"]
[Result "0-1"]
[EventDate "2013.06.09"]
[WhiteElo "2706"]
[BlackElo "2638"]
[PlyCount "84"]

1. e4 c5 2. Ne2 d6 3. g3 d5 4. Bg2 dxe4 5. Nbc3 Nf6 6. Nxe4 Nxe4 7. Bxe4 Nc6 8. d3 e6 9. O-O Be7 10. Nf4 O-O 11. Re1 Bd7 12. c3 e5 13. Nd5 Bd6 14. Bg2 Be6 15. a3 Qd7 16. b4 Rad8 17. Bg5 f6 18. Be3 Qf7 19. c4 Nd4 20. Bxd4 cxd4 21. a4 Kh8 22. a5 f5 23. Qd2 f4 24. gxf4 exf4 25. Bf3 g5 26. Rxe6 Qxe6 27. Re1 Qh3 28. Qd1 g4 29. Bg2 Qh4 30. f3 Rde8 31. Re4 Rxe4 32. dxe4 Be5 33. c5 gxf3 34. Qxf3 Qe1+ 35. Qf1 Qd2 36. Bf3 d3 37. Kh1 Bd4 38. Ne7 Qxb4 39. e5 Qxc5 40. Nd5 Rg8 41. Bg2 f3 42. Qxf3 Qc1+ 0-1

[Event "World Blitz Championship"]
[Site "Khanty-Mansiysk RUS"]
[Date "2013.06.10"]
[Round "22.7"]
[White "Daniil Dubov"]
[Black "Francisco Vallejo Pons"]
[Result "1-0"]
[EventDate "2013.06.09"]
[WhiteElo "2638"]
[BlackElo "2706"]
[PlyCount "83"]

1. Nf3 Nf6 2. g3 d5 3. Bg2 c6 4. O-O Bf5 5. d3 e6 6. Nh4 Bg4 7. h3 Bh5 8. f4 Be7 9. Qe1 Na6 10. a3 Nc5 11. Kh1 h6 12. e4 dxe4 13. dxe4 g5 14. e5 Nd5 15. g4 gxh4 16. gxh5 Rg8 17. Qe2 Qc7 18. b4 Nd7 19. c4 N5b6 20. Nc3 O-O-O 21. Be3 Rg3 22. Ne4 Rg7 23. b5 Rdg8 24. Bf3 Rg3 25. Nxg3 Rxg3 26. Bg2 Nxc4 27. Bf2 Rxg2 28. Kxg2 cxb5 29. Kh2 f6 30. Qg4 fxe5 31. Qxe6 Bd8 32. fxe5 Kb8 33. Bd4 Ndxe5 34. Bxe5 Nxe5 35. Kh1 Nc6 36. Rad1 a6 37. Qd6 Be7 38. Qxc7+ Kxc7 39. Rd3 a5 40. Rf7 a4 41. Rh7 Kb6 42. Rxh6 1-0

[Event "World Blitz Championship"]
[Site "Khanty-Mansiysk RUS"]
[Date "2013.06.10"]
[Round "23.4"]
[White "Daniil Dubov"]
[Black "Alexander Grischuk"]
[Result "1-0"]
[EventDate "2013.06.09"]
[WhiteElo "2638"]
[BlackElo "2779"]
[PlyCount "114"]

1. Nf3 Nf6 2. g3 g6 3. Bg2 c5 4. b3 d6 5. O-O e5 6. d3 Bg7 7. e4 O-O 8. Bb2 Nc6 9. Nbd2 h6 10. Re1 Re8 11. c3 d5 12. exd5 Nxd5 13. a3 Rb8 14. b4 cxb4 15. axb4 b5 16. Ne4 Qc7 17. Nc5 a5 18. Qb3 Rd8 19. Nxe5 Nxe5 20. Bxd5 a4 21. Qa2 Bf5 22. d4 Nd3 23. Nxd3 Bxd3 24. Rad1 Bf5 25. Bc1 Rbc8 26. Bd2 Rd7 27. Rc1 Qd8 28. Bf3 Bd3 29. Be2 Bxe2 30. Rxe2 Kh7 31. Rce1 Qf6 32. Re5 Qb6 33. Rc5 Rcd8 34. Qc2 Rd5 35. Qe4 Qd6 36. Bf4 Qd7 37. Rc7 Qf5 38. Qxf5 Rxf5 39. Ree7 g5 40. Be3 Kg6 41. Ra7 Rc8 42. Rec7 Rxc7 43. Rxc7 Rd5 44. Ra7 Rd8 45. Ra5 Rc8 46. Bd2 Rb8 47. Kf1 Kf6 48. Ke2 Ke6 49. Kd3 Bf8 50. c4 bxc4+ 51. Kxc4 Rc8+ 52. Kd3 Bd6 53. Rxa4 f6 54. Ra6 Kd5 55. Ra5+ Ke6 56. d5+ Kf5 57. f3 h5 1-0

[Event "World Blitz Championship"]
[Site "Khanty-Mansiysk RUS"]
[Date "2013.06.10"]
[Round "24.4"]
[White "Alexander Grischuk"]
[Black "Daniil Dubov"]
[Result "1-0"]
[EventDate "2013.06.09"]
[WhiteElo "2779"]
[BlackElo "2638"]
[PlyCount "89"]

1. d4 Nf6 2. Nf3 c5 3. c3 Qc7 4. g3 g6 5. Bg2 Bg7 6. O-O O-O 7. Re1 b6 8. e4 Bb7 9. e5 Ne8 10. Bf4 e6 11. Nbd2 Nc6 12. Ne4 Ne7 13. Qd2 cxd4 14. cxd4 Bc6 15. Bh6 Qb7 16. Bxg7 Kxg7 17. Qd3 Nd5 18. a3 f5 19. Ned2 Ne7 20. Rec1 Bd5 21. Rc3 g5 22. Rac1 g4 23. Ne1 Bxg2 24. Nxg2 Nd5 25. R3c2 Nec7 26. Nc4 Ne8 27. Qd2 h6 28. Nf4 Nxf4 29. Qxf4 Kg6 30. Ne3 Ng7 31. d5 Rac8 32. Rc4 exd5 33. Rxc8 Rxc8 34. Rd1 Rf8 35. Rxd5 Ne6 36. Qb4 f4 37. gxf4 Rxf4 38. Qd6 Rf7 39. Nxg4 Rg7 40. Kf1 Qa6+ 41. Ke1 Kg5 42. Ne3 Rf7 43. Rd2 Qb5 44. Qb8 Nf4 45. Qg8+ 1-0

[Event "World Blitz Championship"]
[Site "Khanty-Mansiysk RUS"]
[Date "2013.06.10"]
[Round "25.3"]
[White "Ruslan Ponomariov"]
[Black "Daniil Dubov"]
[Result "1-0"]
[EventDate "2013.06.09"]
[WhiteElo "2743"]
[BlackElo "2638"]
[PlyCount "135"]

1. c4 Nf6 2. Nc3 c6 3. e4 d6 4. d4 e5 5. Nf3 Nbd7 6. Be2 Be7 7. O-O O-O 8. Qc2 Qc7 9. Be3 Re8 10. h3 Nf8 11. Rfe1 Ng6 12. Rad1 a6 13. a3 Rb8 14. Bf1 b6 15. b4 Bd7 16. c5 bxc5 17. dxc5 dxc5 18. bxc5 Qa5 19. Na4 Be6 20. Nb6 Qxa3 21. Nd2 Red8 22. Ra1 Qb4 23. Reb1 Rxd2 24. Bxd2 Qxe4 25. Bd3 Qh4 26. Rb4 Qh5 27. Rxa6 Rd8 28. Be3 Nf4 29. Ra3 h6 30. Bf1 Bf5 31. Qb2 Rd1 32. Ra1 Rxa1 33. Qxa1 N6d5 34. Nxd5 Nxd5 35. Rb8+ Kh7 36. Qxe5 Bf6 37. Qg3 Qd1 38. Qf3 Qc2 39. Qe2 Qc3 40. Qd2 Qa1 41. Qc1 Qe5 42. Ra8 Be7 43. Ra3 Bd8 44. Qa1 Qe6 45. Ra6 Bc7 46. Bd4 Nf4 47. Ra3 Be4 48. Rg3 Nh5 49. Re3 Qg6 50. Qc3 Bf5 51. g4 Nf4 52. Be5 Nd5 53. Qd4 Nxe3 54. Qxe3 Bxe5 55. Qxe5 Be4 56. Bg2 Bxg2 57. Kxg2 Qc2 58. Kg3 g6 59. f3 Qd3 60. Qd6 Qe2 61. Qxc6 Qe1+ 62. Kf4 Qd2+ 63. Ke5 Qe3+ 64. Kd6 Qf4+ 65. Kd7 Qh2 66. Qd5 Kg7 67. c6 Qxh3 68. c7 1-0

[Event "World Blitz Championship"]
[Site "Khanty-Mansiysk RUS"]
[Date "2013.06.10"]
[Round "27.5"]
[White "Daniil Dubov"]
[Black "Ian Nepomniachtchi"]
[Result "1/2-1/2"]
[EventDate "2013.06.09"]
[WhiteElo "2638"]
[BlackElo "2717"]
[PlyCount "69"]

1. Nf3 Nf6 2. g3 g6 3. b3 Bg7 4. Bb2 b6 5. Bg2 Bb7 6. O-O O-O 7. c4 c5 8. e3 d5 9. cxd5 Bxd5 10. Qe2 Nbd7 11. Rd1 Qc8 12. Nc3 Bc6 13. d4 cxd4 14. Nxd4 Bxg2 15. Kxg2 Ne5 16. Rac1 Qb7+ 17. Kg1 Rac8 18. f4 Nc6 19. Qf3 Qa8 20. Nxc6 Rxc6 21. e4 Rcc8 22. Kg2 Rfd8 23. e5 Qxf3+ 24. Kxf3 Ne8 25. Nd5 Bf8 26. Rxc8 Rxc8 27. Ba3 e6 28. Ne7+ Bxe7 29. Bxe7 h6 30. g4 Rc7 31. Ba3 Rc3+ 32. Kf2 Nc7 33. Rd8+ Kh7 34. Rd7 Kg8 35. Rd8+ 1/2-1/2

[Event "World Blitz Championship"]
[Site "Khanty-Mansiysk RUS"]
[Date "2013.06.10"]
[Round "29.7"]
[White "Daniil Dubov"]
[Black "Ilya Yulyevich Smirin"]
[Result "1-0"]
[EventDate "2013.06.09"]
[WhiteElo "2638"]
[BlackElo "2663"]
[PlyCount "61"]

1. Nf3 Nf6 2. g3 g6 3. b3 d6 4. Bb2 e5 5. Bg2 Bg7 6. O-O O-O 7. c4 c5 8. e3 Nc6 9. d4 exd4 10. exd4 Ne4 11. Nbd2 Nxd2 12. Qxd2 Qf6 13. Rab1 cxd4 14. Rfd1 Bg4 15. Nxd4 Ne5 16. Re1 Qd8 17. h3 Bd7 18. Rbd1 Qb6 19. Kh2 Rfd8 20. f4 Be8 21. Nb5 Bxb5 22. cxb5 Nd7 23. Bxg7 Kxg7 24. Re7 Nf6 25. Rxb7 Qc5 26. Rc1 Qf5 27. Rcc7 Rf8 28. Qxd6 Rad8 29. Rxf7+ Kh6 30. Qxf6 Qxf6 31. Rxh7# 1-0

[Event "World Blitz Championship"]
[Site "Khanty-Mansiysk RUS"]
[Date "2013.06.10"]
[Round "30.7"]
[White "Ilya Yulyevich Smirin"]
[Black "Daniil Dubov"]
[Result "0-1"]
[EventDate "2013.06.09"]
[WhiteElo "2663"]
[BlackElo "2638"]
[PlyCount "104"]

1. e4 c5 2. Nf3 d6 3. d4 cxd4 4. Nxd4 Nf6 5. Nc3 Nc6 6. Be2 g6 7. O-O Bg7 8. Nb3 O-O 9. Kh1 Be6 10. f4 Qc8 11. Be3 Rd8 12. Nd4 Nxd4 13. Bxd4 Bc4 14. a4 e5 15. Be3 d5 16. fxe5 Nxe4 17. Bxc4 Nxc3 18. Qf3 Qxc4 19. bxc3 Rd7 20. Bd4 Re8 21. Qf4 Rde7 22. a5 Qc7 23. Qf3 Qd7 24. Bxa7 Rxe5 25. Bd4 Rf5 26. Qd3 Re4 27. Bxg7 Kxg7 28. Rxf5 Qxf5 29. h3 Qe5 30. Rf1 Rc4 31. Rf3 Ra4 32. Qf1 f6 33. Qb1 Qc7 34. Rd3 Rxa5 35. Qe1 Kf7 36. Re3 Rc5 37. Re8 Qd7 38. Rh8 Kg7 39. Re8 Kf7 40. Rh8 Kg7 41. Re8 Rc7 42. Qe3 Kf7 43. Rh8 Kg7 44. Re8 Qf7 45. Re6 Rxc3 46. Qe1 Rc7 47. Qe3 d4 48. Qe4 d3 49. cxd3 Rc1+ 50. Kh2 Qc7+ 51. g3 Rc2+ 52. Kg1 Qxg3+ 0-1

[Event "World Blitz Championship"]
[Site "Khanty-Mansiysk RUS"]
[Date "2013.06.09"]
[Round "1.23"]
[White "Pavel Skatchkov"]
[Black "Daniil Dubov"]
[Result "1-0"]
[EventDate "2013.06.09"]
[WhiteElo "2486"]
[BlackElo "2638"]
[PlyCount "65"]

1. d4 Nf6 2. Nf3 c5 3. d5 g6 4. Nc3 Bg7 5. e4 O-O 6. g3 b5 7. e5 Ng4 8. Bf4 b4 9. Ne4 d6 10. e6 fxe6 11. dxe6 Bb7 12. Qe2 Bxb2 13. Rb1 Bg7 14. Bg2 Qc8 15. Nfg5 Ne5 16. O-O Nbc6 17. c3 Ba6 18. Qd1 Bxf1 19. Qxf1 h6 20. Nf7 Qxe6 21. Nxe5 Nxe5 22. cxb4 cxb4 23. Rxb4 Rab8 24. Rxb8 Rxb8 25. h3 Kh7 26. Kh2 Qxa2 27. Qc1 Qc4 28. Qe3 a5 29. Qa7 Nc6 30. Qc7 Rb2 31. Bxd6 exd6 32. Nf6+ Kh8 33. Qc8+ 1-0

[Event "World Blitz Championship"]
[Site "Khanty-Mansiysk RUS"]
[Date "2013.06.09"]
[Round "2.23"]
[White "Daniil Dubov"]
[Black "Pavel Skatchkov"]
[Result "1-0"]
[EventDate "2013.06.09"]
[WhiteElo "2638"]
[BlackElo "2486"]
[PlyCount "103"]

1. d4 d5 2. c4 c6 3. Nf3 Nf6 4. Nc3 dxc4 5. a4 Bf5 6. Ne5 Nbd7 7. Nxc4 Qc7 8. Bg5 e6 9. e3 Bb4 10. Rc1 Nb6 11. Nxb6 Qxb6 12. Bxf6 gxf6 13. Bd3 Bg6 14. O-O Qa5 15. Ne4 Bxe4 16. Bxe4 f5 17. Bf3 O-O 18. Qb3 Qb6 19. Qd3 Rad8 20. Rfd1 Be7 21. Qc2 Bf6 22. g3 Qb4 23. Kg2 Kg7 24. Rd3 Rd7 25. Ra1 Rfd8 26. Rc3 a5 27. Rc5 Qb6 28. Ra3 Be7 29. Rb3 Bxc5 30. Rxb6 Bxb6 31. Qc3 f6 32. Qb3 Bc7 33. Qxe6 f4 34. gxf4 Bd6 35. Qf5 Rf7 36. Qxa5 Rc8 37. Qf5 Ra8 38. Bd1 Bb4 39. Bb3 Re7 40. Kf3 Ra5 41. Qg4+ Kh6 42. Qh4+ Kg7 43. Qg4+ Kh6 44. Bc2 Rf7 45. Bf5 Rxa4 46. Qh4+ Kg7 47. Qxh7+ Kf8 48. Qh8+ Ke7 49. Bg6 Rf8 50. Qg7+ Ke6 51. Qxb7 Kd6 52. Be4 1-0

[Event "World Blitz Championship"]
[Site "Khanty-Mansiysk RUS"]
[Date "2013.06.09"]
[Round "4.18"]
[White "Dmitry Frolyanov"]
[Black "Daniil Dubov"]
[Result "0-1"]
[EventDate "2013.06.09"]
[WhiteElo "2570"]
[BlackElo "2638"]
[PlyCount "38"]

1. e4 c5 2. Nf3 d6 3. d4 cxd4 4. Nxd4 Nf6 5. Nc3 Nc6 6. Bg5 Qb6 7. Nb3 e6 8. Bxf6 gxf6 9. Qd2 a6 10. O-O-O Bd7 11. f4 O-O-O 12. Kb1 Kb8 13. Be2 h5 14. Rhf1 h4 15. Rf3 Be8 16. Bf1 Be7 17. Rd3 Nb4 18. Na4 Bxa4 19. Rd4 d5 0-1

[Event "World Blitz Championship"]
[Site "Khanty-Mansiysk RUS"]
[Date "2013.06.09"]
[Round "5.12"]
[White "Alexei Mikhailovich Bezgodov"]
[Black "Daniil Dubov"]
[Result "0-1"]
[EventDate "2013.06.09"]
[WhiteElo "2482"]
[BlackElo "2638"]
[PlyCount "70"]

1. e4 c5 2. a3 Nc6 3. b4 Nf6 4. b5 Nd4 5. e5 Qc7 6. exf6 Qe5+ 7. Be2 Nxe2 8. Nxe2 Qxa1 9. Nbc3 d5 10. O-O Be6 11. d4 exf6 12. Qd3 Rc8 13. b6 a6 14. Nf4 cxd4 15. Ncxd5 Bd6 16. Qe4 O-O 17. Nxe6 fxe6 18. Qxe6+ Kh8 19. Qxd6 Rfd8 20. Qe6 Qa2 21. Nc7 Qxe6 22. Nxe6 Rd6 23. Nc7 Rxb6 24. Nd5 Rd6 25. Nb4 a5 26. Bf4 Rd7 27. Nd3 Rxc2 28. Re1 g5 29. Bc1 Kg7 30. h4 h6 31. hxg5 hxg5 32. a4 Kf7 33. Bxg5 Re7 34. Rxe7+ Kxe7 35. Bf4 Rc3 0-1

[Event "World Blitz Championship"]
[Site "Khanty-Mansiysk RUS"]
[Date "2013.06.09"]
[Round "7.3"]
[White "Daniil Dubov"]
[Black "Ngoc Truongson Nguyen"]
[Result "0-1"]
[EventDate "2013.06.09"]
[WhiteElo "2638"]
[BlackElo "2625"]
[PlyCount "52"]

1. d4 Nf6 2. c4 c5 3. d5 b5 4. cxb5 a6 5. f3 e6 6. e4 Bd6 7. Nc3 O-O 8. b6 Qxb6 9. Bc4 exd5 10. Nxd5 Nxd5 11. Bxd5 Ra7 12. Ne2 c4 13. Bxc4 Bb4+ 14. Kf1 d5 15. Bxd5 Nd7 16. Bg5 Nf6 17. Bxf6 Qxf6 18. Qd4 Qe7 19. Rc1 a5 20. Kf2 Ba6 21. Ng3 g6 22. Rc2 Rc7 23. Rhc1 Rfc8 24. Rxc7 Rxc7 25. Rxc7 Qxc7 26. Qf6 Qc5+ 0-1